Concepto y tendencias del Derecho Civil moderno / (Record no. 137966)

MARC details
000 -LEADER
campo de control de longitud fija 00679nam a2200193 i 4500
001 - NÚMERO DE CONTROL
campo de control 137966
003 - IDENTIFICADOR DE NÚMERO DE CONTROL
campo de control ES-MaACL
005 - FECHA Y HORA DE LA ÚLTIMA TRANSACCIÓN
campo de control 20250929063205.0
007 - CAMPO FIJO DE DESCRIPCIÓN FÍSICA--INFORMACIÓN GENERAL
campo de control de longitud fija t|
008 - DATOS DE LONGITUD FIJA--INFORMACIÓN GENERAL
campo de control de longitud fija 070214s1905 cu r ||||1| spa d
100 1# - ENTRADA PRINCIPAL--NOMBRE DE PERSONA
Nombre de persona Sánchez de Fuentes, Fernando,
Fechas asociadas al nombre 1871-1935
9 (RLIN) 102578
245 10 - MENCIÓN DEL TÍTULO
Título Concepto y tendencias del Derecho Civil moderno /
Mención de responsabilidad, etc. por Fernando Sánchez de Fuentes.
260 ## - PUBLICACIÓN, DISTRIBUCIÓN, ETC.
Lugar de publicación, distribución, etc. La Habana :
Nombre del editor, distribuidor, etc. [s. n.],
Fecha de publicación, distribución, etc. 1905.
300 ## - DESCRIPCIÓN FÍSICA
Extensión 52 p. ;
Dimensiones 23 cm.
500 ## - NOTA GENERAL
Nota general Tesis doctoral leída en la Facultad de Derecho el 27 de agosto de 1904.
710 2# - ENTRADA AGREGADA--NOMBRE DE ENTIDAD CORPORATIVA
Nombre de entidad corporativa o nombre de jurisdicción como elemento de entrada Universidad de La Habana.
Unidad subordinada Facultad de Derecho.
9 (RLIN) 7192
852 ## - LOCALIZACIÓN
Ubicación ES-MaACL
Número de control de estantería T-1222-F-9
Holdings
Estatus retirado Estado de pérdida Estado de daño No para préstamo Colección Biblioteca de origen Biblioteca actual Ubicación en estantería Fecha de adquisición Fuente de adquisición Total de préstamos Signatura topográfica completa Código de barras Visto por última vez Precio de reemplazo Tipo de ítem Koha
        Colección de folletos Biblioteca del Ateneo de Madrid Biblioteca del Ateneo de Madrid Depósito folletos 17/01/2008     T-1222-F-9 1143566 23/02/2023 23/02/2023 Folleto